Horizonty dopravy časopis pre vedu a výskum v doprave
Gespeichert in:
| Format: | Schriftenreihe |
|---|---|
| Sprache: | Slowakisch |
| Veröffentlicht: |
Žilina
Výskumný ústav dopravný
2005
|
| Schlagworte: | |
| Tags: |
Keine Tags, Fügen Sie das erste Tag hinzu!
|
MARC
| LEADER | 00000nas2a22000001 4500 | ||
|---|---|---|---|
| 001 | 0089434 | ||
| 005 | 20090115130652.2 | ||
| 022 | |a 1210-0978 | ||
| 041 | 0 | |a slo | |
| 044 | |a SK | ||
| 245 | 1 | 0 | |a Horizonty dopravy |b časopis pre vedu a výskum v doprave |
| 264 | 1 | |a Žilina |b Výskumný ústav dopravný |c 2005 | |
| 773 | 0 | |w eu_un_cat*s120047 | |
| 610 | 2 | 0 | |a doprava |
| 610 | 2 | 0 | |a organizácia dopravy |
| 610 | 2 | 0 | |a prevádzka dopravy |